Statistics for Countries Placed Inside Another Country Map Quiz

Click here to take the quiz!

General Stats

  • This quiz has been taken 30 times
  • The average score is 17 of 20

Answers on the Map

Answers color-coded by a green-red scale on the quiz's map according to % correct below.
 

Answer Stats

HintAnswer% Correct
6Denmark
96%
8Ireland
96%
1Slovenia
96%
5Belgium
92%
4Brazil
88%
3Libya
88%
8Russia
88%
10Albania
85%
9Algeria
85%
2Azerbaijan
85%
2China
85%
7Mozambique
85%
10Argentina
81%
1Ukraine
81%
6United States of America
81%
4Dominican Republic
77%
9El Salvador
77%
5India
77%
7Eswatini
73%
3Qatar
65%

Score Distribution

Percentile by Number Answered

Percent of People with Each Score

Your Score History

You have not taken this quiz